000 00658cam a22002413a 4500
001 19544
003 PGUSA
005 20140828083420.0
008 061014s2006||||xxu|||||s|||||000 | eng d
040 _aPGUSA
_beng
042 _adc
050 4 _aPZ
100 1 _aJacobi, H. D.
245 1 0 _aWat tante Dora vertelde
_h[electronic resource] /
_cH. D. Jacobi
260 _bProject Gutenberg,
_c2006
506 _aPublic domain in the USA.
516 _aElectronic text
653 _aChildren's stories
700 1 _aLangeler, Freddy,
_d1899-1948
830 0 _aProject Gutenberg
_v19544
856 4 0 _uhttp://www.gutenberg.org/ebooks/19544
942 _cEB
999 _c248799
_d248799